Informe sobre el estado actual de la industria belga con aplicación a España... / (Record no. 164299)

MARC details
000 -LEADER
campo de control de longitud fija 01230nam a22002415i 4500
001 - NÚMERO DE CONTROL
campo de control 164299
003 - IDENTIFICADOR DE NÚMERO DE CONTROL
campo de control ES-MaACL
005 - FECHA Y HORA DE LA ÚLTIMA TRANSACCIÓN
campo de control 20231223063112.0
008 - DATOS DE LONGITUD FIJA--INFORMACIÓN GENERAL
campo de control de longitud fija 951113s1842 sp |||| | spa d
040 ## - FUENTE DE CATALOGACIÓN
Centro catalogador/agencia de origen CLM
Lengua de catalogación spa
Centro/agencia transcriptor CCPB | SIC
080 ## - NÚMERO DE LA CLASIFICACIÓN DECIMAL UNIVERSAL
Número de la Clasificación Decimal Universal 338.45(493)
080 ## - NÚMERO DE LA CLASIFICACIÓN DECIMAL UNIVERSAL
Número de la Clasificación Decimal Universal 339.166(460):62/69.002.6
100 1# - ENTRADA PRINCIPAL--NOMBRE DE PERSONA
Nombre de persona La Sagra, Ramón de,
Fechas asociadas al nombre 1798-1871
9 (RLIN) 101445
245 10 - MENCIÓN DEL TÍTULO
Título Informe sobre el estado actual de la industria belga con aplicación a España... /
Mención de responsabilidad, etc. presentado al Ministro de la Gobernación por D. Ramón de la Sagra.
260 ## - PUBLICACIÓN, DISTRIBUCIÓN, ETC.
Lugar de publicación, distribución, etc. Madrid :
Nombre del editor, distribuidor, etc. Imprenta Nacional,
Fecha de publicación, distribución, etc. 1842.
300 ## - DESCRIPCIÓN FÍSICA
Extensión 310 p. ;
Dimensiones 20 cm.
501 ## - NOTA DE CON
Nota de "Con" Contiene: La exposición de los productos de dicha industria. El cuadro de las instituciones que sirven para su desarrollo y para mejorar la suerte de las clases obreras. La indicación de los productos que pueda ofrecer con ventaja al comercio español.
530 ## - NOTA DISPONIBLE DE FORMULARIO FÍSICO ADICIONAL
Nota de formato físico adicional disponible Disponible también en sitio web.
650 #4 - PUNTO DE ACCESO ADICIONAL DE MATERIA--TÉRMINO DE MATERIA
Término de materia o nombre geográfico como elemento de entrada Industria-
Subdivisión geográfica Bélgica.
9 (RLIN) 150359
852 ## - LOCALIZACIÓN
Ubicación ES-MaACL
Número de control de estantería G-9625
Nota libre -- Enc. hol., conservando la cub. original
856 ## - LOCALIZACIÓN Y ACCESO ELECTRÓNICOS
Identificador Uniforme de Recursos <a href="http://bibliotecadigitalhispanica.bne.es:80/webclient/DeliveryManager?pid=3313229&custom_att_2=simple_viewer">http://bibliotecadigitalhispanica.bne.es:80/webclient/DeliveryManager?pid=3313229&custom_att_2=simple_viewer</a>
Nota pública Ir a la página
Holdings
Estatus retirado Estado de pérdida Estado de daño No para préstamo Colección Biblioteca de origen Biblioteca actual Ubicación en estantería Fecha de adquisición Fuente de adquisición Total de préstamos Signatura topográfica completa Código de barras Visto por última vez Precio de reemplazo Tipo de ítem Koha
        Colección digital Biblioteca del Ateneo de Madrid Biblioteca del Ateneo de Madrid Sala Pecera Planta 3 17/01/2008     G-9625 1172213 23/02/2023 23/02/2023 Libro impreso antiguo